| 000 | 00570nam a2200205Ia 4500 | ||
|---|---|---|---|
| 005 | 20260429111958.0 | ||
| 008 | 260429s9999||||xx |||||||||||||| ||und|| | ||
| 020 | _a9781800615755 | ||
| 041 | _aEnglish | ||
| 082 |
_a658.3 _bTAN |
||
| 100 | _aTang, Guiyao | ||
| 245 | 0 |
_aStrategic human resource management / _cGuiyao Tang |
|
| 260 |
_aSingapore : _bWorld Scientific Publishing, _c2025. |
||
| 300 | _avii, 309 p.; pbk | ||
| 650 | _a Human resource management | ||
| 650 | _a Personnel management | ||
| 650 | _aManagement | ||
| 700 | _a Wei, Li-qun | ||
| 942 | _cTB | ||
| 999 |
_c51719 _d51719 |
||